[Event "GAMMA Reykjavik Open 2019"]
[Site "Reykjavik"]
[Date "2019.04.15"]
[Round "8.18"]
[White "Sowray, Peter J"]
[Black "Fier, Alexandr"]
[Result "1-0"]
[WhiteElo "2356"]
[BlackElo "2570"]
[Annotator "TA"]
[PlyCount "109"]
[EventDate "2019.04.04"]
[EventType "swiss"]
[EventCountry "ISL"]
[SourceTitle "playchess.com"]
[Source "ChessBase"]
[SourceQuality "1"]

{[%evp 19,109,7,17,12,16,22,68,60,74,22,33,23,26,29,24,17,16,16,17,15,17,14,11,12,30,25,40,29,39,8,28,16,31,28,36,29,81,91,147,129,231,250,235,230,294,281,295,240,279,255,397,380,1047,1047,1241,700,880,697,675,647,953,779,29995,1207,1479,1027,903,345,306,295,510,495,528,530,589,316,477,478,564,560,864,825,863,852,833,827,819,814,741,733,29990,29991]} 1. Nf3 Nf6 2. c4 g6 3. g3 Bg7 4. Bg2 d5 5. cxd5 Nxd5 6. Nc3 Nb6 7. O-O O-O 8. d3 Nc6 9. Be3 e5 10. Qd2 Re8 11. Bh6 {A16: English Opening: 1...Nf6 with ...d5} Bh8 12. Rac1 Bf5 $146 ({Predecessor:} 12... Nd4 13. Nxd4 exd4 14. Ne4 Nd5 15. Qc2 c6 16. Rfe1 Re5 17. Qa4 a5 18. Bd2 Nb6 {½-½ (54) Fressinet,L (2715)-Kulaots,K (2574) Belfort 2012}) 13. Ng5 {White is slightly better.} Qe7 14. Nd5 ({White should play} 14. Bxc6 $16 bxc6 15. Nce4) 14... Nxd5 $1 $11 15. Bxd5 Nd8 16. e4 c6 $1 17. Bb3 Be6 $1 18. Nxe6 Nxe6 19. Be3 Red8 20. Kg2 Rd7 21. a4 Rad8 22. Bc4 Nd4 23. Rce1 Bg7 24. f4 Bh6 25. Qf2 exf4 26. gxf4 Kh8 27. Kh1 a6 {[#]} (27... Qd6 $11 {remains equal.}) 28. a5 $1 $16 f6 ({Black should try} 28... Qd6) 29. Rg1 Qf8 (29... f5 $16) 30. Rg3 $18 f5 31. Rh3 Bg7 32. e5 ({Stronger than} 32. Qh4 Bf6 $11) 32... Qe8 33. Qh4 {[%csl Gh3][%cal Rh4h7]} h6 34. Rg1 Ne6 (34... c5 $142 35. Qf2 Bf8) 35. Rhg3 g5 $2 (35... Qe7 36. Qxe7 Rxe7 37. Rxg6 Nf8) 36. fxg5 Bxe5 37. Rh3 Bg7 38. g6 f4 39. Bb6 Rd4 40. Bxd8 Nxd8 {[#]} 41. Re1 (41. Qxh6+ $142 $1 {[%mdl 512]} Bxh6 42. g7+ Kh7 43. g8=Q+ Qxg8 44. Bxg8+ Kh8 45. Rxh6#) 41... Qxg6 42. Qe7 Qd6 43. Qxd6 $2 (43. Qe8+ Qf8 44. Qh5 Rxc4 45. dxc4) 43... Rxd6 44. Rh4 Rf6 $2 (44... Kh7 45. Re7 h5 46. Rxf4 Kh6) 45. Kg2 Nf7 46. Rg4 h5 47. Rh4 Nd6 (47... Kh7 {is a better defense.} 48. Rxh5+ Kg6) 48. Rxh5+ Bh6 49. Re7 Rg6+ 50. Kf3 Rf6 51. Rd7 Nf5 52. b4 Nd6 53. Re5 Bf8 54. Bb3 {Threatens to win with Rg5.} Rh6 55. Rg5 {Accuracy: White = 75%, Black = 40%.} 1-0

[Event "GAMMA Reykjavik Open 2019"]
[Site "Reykjavik"]
[Date "2019.04.15"]
[Round "8.19"]
[White "Stefansson, Hannes"]
[Black "Bjornsson, Sigurbjorn"]
[Result "1-0"]
[WhiteElo "2558"]
[BlackElo "2312"]
[Annotator "TA"]
[PlyCount "82"]
[EventDate "2019.04.04"]
[EventType "swiss"]
[EventCountry "ISL"]
[SourceTitle "playchess.com"]
[Source "ChessBase"]
[SourceQuality "1"]

{[%evp 26,82,28,36,37,31,42,36,121,133,141,137,145,132,211,209,216,208,264,269,257,255,260,268,263,264,249,249,254,269,227,221,404,403,396,388,384,383,370,374,408,416,459,480,450,419,830,804,2358,2357,2421,2151,6174,5947,29970,29971,29970,29972,2640]} 1. e4 c5 2. Nf3 d6 3. d4 cxd4 4. Nxd4 Nf6 5. Nc3 g6 6. Be3 Bg7 7. f3 O-O 8. Qd2 Nc6 9. O-O-O d5 10. exd5 Nxd5 11. Nxc6 bxc6 12. Bd4 Bxd4 13. Qxd4 Qb6 14. Na4 Qa5 {Strongly threatening ...e5! B76: Sicilian Dragon: Yugoslav Attack, 9 g4 and 9 0-0-0} 15. b3 Qc7 16. h4 {[#]} Rd8 $146 {[#]} ({Black should try} 16... h5 $14) ({Predecessor:} 16... h5 17. Re1 Nb6 18. Nc3 Rd8 19. Qe5 Qd6 20. Kb2 Bf5 21. Ba6 Qxe5 22. Rxe5 {½-½ (49) Leko,P (2747)-Radjabov,T (2751) Elista 2008}) 17. c4 $1 $16 Bf5 {aiming for ...Nb4.} 18. cxd5 Rxd5 {[#]} 19. Qe3 $1 {Threatens to win with Bc4.} Rxd1+ (19... Qd6 $16 20. Rxd5 Qa3+ 21. Kd1 cxd5) 20. Kxd1 $18 Rd8+ 21. Kc1 Qd6 22. Nb2 h5 {[#]} 23. Bd3 $1 {[%mdl 512]} Bxd3 24. Rd1 Qa3 25. Rxd3 Rxd3 26. Qxd3 Qxa2 27. Qd8+ Kg7 28. Qd4+ ({Don't take} 28. Qxe7 $6 Qxb3 29. Qc5 (29. Qxa7 Qc3+ 30. Kb1 Qe1+ 31. Kc2 Qxh4 $16) 29... Kg8) 28... Kg8 $2 (28... f6 29. Kc2 Qa5) 29. Qa4 Qxa4 30. Nxa4 {[%mdl 4096] Endgame KN-KP} ({Less strong is} 30. bxa4 Kg7 $18) 30... Kg7 31. Kd2 Kf6 32. Nc3 Ke5 33. Kd3 f6 34. Ne2 g5 35. g3 Kd5 (35... c5 $142 36. Kc4 Kd6) 36. f4 g4 37. f5 Ke5 38. Nd4 c5 39. Nc6+ Kxf5 40. Nxe7+ Ke6 41. Ng6 Kd5 {Accuracy: White = 94%, Black = 24%.} 1-0

[Event "GAMMA Reykjavik Open 2019"]
[Site "Reykjavik"]
[Date "2019.04.15"]
[Round "8.20"]
[White "Cummings, David H."]
[Black "Praggnanandhaa R"]
[Result "1/2-1/2"]
[WhiteElo "2338"]
[BlackElo "2537"]
[Annotator "TA"]
[PlyCount "111"]
[EventDate "2019.04.04"]
[EventType "swiss"]
[EventCountry "ISL"]
[SourceTitle "playchess.com"]
[Source "ChessBase"]
[SourceQuality "1"]

{[%evp 15,111,10,18,-7,0,0,0,0,19,12,10,12,27,0,0,-1,0,-25,-25,-25,-27,-27,-25,-37,0,0,0,0,0,0,0,-26,-7,-22,-14,-18,0,0,0,0,2,0,0,0,91,0,0,0,0,0,0,0,10,10,11,-8,-8,-8,0,0,0,0,0,0,8,-8,13,0,0,0,8,0,8,-7,16,0,6,6,8,0,20,12,13,8,8,8,8,0,0,0,0,0,0,0,0,-8,-8,-8]} 1. Nf3 Nf6 2. c4 b6 3. g3 Bb7 4. Bg2 g6 5. b3 Bg7 6. Bb2 O-O 7. O-O c5 8. Nc3 e6 9. e3 {A30: Symmetrical English: Double Fianchetto and Hedgehog} (9. d4 cxd4 10. Qxd4 Nc6 11. Qd2 Ne7 12. Rfd1 d5 13. cxd5 Nexd5 14. Rac1 Rc8 15. Nxd5 Qxd5 16. Qf4 Rxc1 17. Qxc1 {½-½ (27) Grischuk,A (2772)-Fedoseev,V (2718) Riadh 2017}) 9... Qe7 10. Rc1 Rd8 11. d4 Na6 $146 ({Predecessor:} 11... cxd4 12. Nxd4 Bxg2 13. Kxg2 Nc6 14. e4 a6 15. Re1 Ne8 16. Nf3 d6 17. Re2 {½-½ (25) Drazic,S (2478)-Epishin,V (2578) Bratto 1999}) 12. Qe2 d5 13. cxd5 exd5 14. a3 Nc7 15. Rfd1 Ne6 16. Ne5 Ne4 17. f4 Rac8 18. a4 cxd4 19. exd4 {[%cal Rc3e4]} Nxc3 (19... f6 {is more complex.} 20. Nf3 Re8 21. Qd3 a6 22. Re1 Qd7) 20. Bxc3 Qa3 {And now ...Nxd4! would win.} 21. Qb2 Bf8 22. Qb1 Bb4 23. Ba1 Rxc1 24. Rxc1 Bd2 25. Rd1 Be3+ 26. Kh1 {Hoping for Ng4.} Rc8 27. f5 {[#]} Nxd4 $1 {[%mdl 512]} 28. fxg6 ({But not} 28. Bxd4 Bxd4 29. Ng4 Qb4 $17) 28... hxg6 29. Nxg6 (29. Ng4 {feels hotter.} Nc2 30. Nf6+ Kf8 31. Bb2 Qxb3 32. Nh7+) 29... Nxb3 {[#]} (29... Nc2 $11 30. Bb2 Qb4) 30. Bf6 (30. Bb2 $1 $16 {[%cal Rb2a3]} Qc5 31. Qf5) 30... Rc1 $11 {The position is equal.} 31. Rxc1 Qxc1+ 32. Qxc1 Bxc1 33. Ne7+ Kh7 34. Nxd5 Nc5 35. a5 bxa5 36. Be7 Bxd5 37. Bxd5 {[%mdl 4096] Endgame KBB-KBN} Ne6 38. Bb3 Kg7 39. Kg2 Bd2 40. Bd6 Kf6 41. Bb8 Be3 42. Bd1 Bb6 43. Kf3 Ng5+ 44. Ke2 Kf5 45. Kd3 Ne6 46. Kc4 Ke4 47. h4 Kf5 48. Kd5 Kg6 49. Bc2+ Kh6 50. g4 Bf2 51. g5+ Kg7 52. g6 Bxh4 53. gxf7 Kxf7 54. Bxa7 Ke7 55. Bc5+ Nxc5 56. Kxc5 {Accuracy: White = 53%, Black = 61%.} 1/2-1/2

[Event "GAMMA Reykjavik Open 2019"]
[Site "Reykjavik"]
[Date "2019.04.15"]
[Round "8.21"]
[White "Ciolek, Andreas"]
[Black "Tang, Andrew"]
[Result "0-1"]
[WhiteElo "2284"]
[BlackElo "2501"]
[Annotator "TA"]
[PlyCount "112"]
[EventDate "2019.04.04"]
[EventType "swiss"]
[EventCountry "ISL"]
[SourceTitle "playchess.com"]
[Source "ChessBase"]
[SourceQuality "1"]

{[%evp 17,112,0,0,-7,-5,-10,8,0,11,9,18,11,42,42,41,16,14,17,15,0,0,0,9,0,11,0,0,-38,12,0,0,-32,-32,-25,-34,-31,-26,-32,-17,-50,-25,-22,-22,-23,-22,-78,-58,-50,-50,-83,-89,-87,-91,-100,-99,-85,-85,-133,-53,-113,-103,-222,-214,-236,-229,-235,-221,-221,-213,-443,-443,-549,-514,-515,-422,-875,-875,-875,-875,-875,-875,-875,-875,-867,-867,-860,-860,-842,-751,-675,-647,-29981,-29982,-29981,-29982,-29982,-29983]} 1. e4 e5 2. Nf3 Nc6 3. Nc3 Nf6 4. d4 exd4 5. Nxd4 Bb4 6. Nxc6 bxc6 7. Bd3 d5 8. exd5 cxd5 9. O-O O-O 10. h3 {C47: Scotch Four Knights and Four Knights with 4 g3} (10. Qf3 c6 11. Bg5 Bd6 12. Rae1 Rb8 13. Nd1 h6 14. Bxf6 Qxf6 15. Qxf6 gxf6 16. b3 Kg7 17. Ne3 Re8 18. Nf5+ Bxf5 19. Bxf5 Re5 20. Bd3 Bb4 21. Re3 Rxe3 22. fxe3 {½-½ (35) Duda,J (2738)-Ding,L (2813) Wijk aan Zee 2019}) 10... c6 $146 ({Predecessor:} 10... Rb8 11. Qf3 Bd6 12. Re1 c6 13. b3 h6 {½-½ (29) Skripchenko,A (2399)-Lagno,K (2541) Monaco 2017}) 11. Qf3 Rb8 12. Bf4 {The position is equal.} Bd6 13. b3 h6 14. Rfe1 Rb4 15. Bxd6 Qxd6 16. Qg3 Qxg3 17. fxg3 Be6 18. a3 Rbb8 19. b4 Nd7 20. Na4 Rfd8 21. Rab1 Kf8 22. Nc5 Ke7 23. Nxd7 Kxd7 24. Rbc1 c5 25. bxc5 Kc6 26. Rb1 Kxc5 27. Kf2 Rf8 28. c3 Rb6 29. Rb4 Rc8 30. Reb1 Bd7 31. Re1 (31. Ke3 $11) 31... Kd6 32. Rc1 Rbc6 33. c4 a5 $36 {[%mdl 2048] Keeping White busy.} 34. Rb7 R8c7 ({Don't play} 34... dxc4 $6 35. Rd1 $11) 35. Rxc7 Rxc7 $17 {[%mdl 4096] Endgame KRB-KRB} 36. Ke3 {[#]} Ke5 $1 37. Rc2 Ba4 (37... d4+ $17 38. Kf2 Bc6 39. Re2+ Kd6) 38. Rc1 (38. Rf2 $1 $15) 38... Rc5 39. g4 (39. Kd2 $17 {keeps fighting.}) 39... Bb3 $19 40. Rf1 dxc4 {[%cal Bd5c4,Bc4c3][%mdl 32]} 41. Be4 c3 42. Rf5+ Kd6 43. Rxc5 $2 (43. Rf1 {is the only way for White.}) 43... Kxc5 {KB-KB} 44. Kd3 c2 45. Kd2 Kd4 46. Bxc2 (46. Bf5 $142 c1=B+ 47. Kxc1) 46... Bxc2 47. Kxc2 {KP-KP} Ke3 48. Kb3 Kf2 49. Ka4 Kxg2 50. Kxa5 Kxh3 51. a4 Kxg4 {Threatens to win with ...h5. KP-KP} 52. Kb4 {[#]} f5 $1 {[%cal Rf5f4]} 53. a5 f4 54. Kc3 f3 {Black mates.} 55. Kd2 Kg3 ({Don't go for} 55... f2 $2 56. Ke2 $18) 56. a6 f2 {Accuracy: White = 44%, Black = 65%.} 0-1

[Event "GAMMA Reykjavik Open 2019"]
[Site "Reykjavik"]
[Date "2019.04.15"]
[Round "8.22"]
[White "Sarkar, Justin"]
[Black "Saduakassova, Dinara"]
[Result "1/2-1/2"]
[WhiteElo "2337"]
[BlackElo "2461"]
[Annotator "TA"]
[PlyCount "86"]
[EventDate "2019.04.04"]
[EventType "swiss"]
[EventCountry "ISL"]
[SourceTitle "playchess.com"]
[Source "ChessBase"]
[SourceQuality "1"]

{[%evp 20,86,26,9,11,18,-1,12,16,16,187,186,175,-23,-33,-22,-15,-37,-36,-25,-31,-43,-37,-24,0,10,65,47,470,477,477,452,467,460,460,446,408,181,181,140,142,131,133,127,193,197,200,184,218,217,201,201,209,0,146,0,202,198,210,33,40,0,0,0,0,0,0,0,0]} 1. e4 c5 2. Nf3 Nc6 3. d4 cxd4 4. Nxd4 g6 5. c4 Nf6 6. Nc3 d6 7. Nc2 Bg7 8. Be2 O-O 9. O-O Nd7 10. Bd2 Nc5 11. b4 {[%cal Bb2b4,Bb4b5][%mdl 32]} Bxc3 {B37: Sicilian: Maroczy Bind with 5...Bg7, sidelines} 12. Bxc3 Nxe4 13. Bb2 Be6 14. b5 Ne5 $2 (14... Nb8 $11 {and Black stays safe.}) 15. Qd4 $18 {[%mdl 1024] White has strong compensation.} Nf6 {[#]} 16. c5 $146 (16. f4 $1 $18) ({Predecessor:} 16. f4 Ned7 17. g4 Qb6 18. f5 Bxc4 19. Bxc4 Nxg4 {1-0 (29) Svidler,P (2690)-Tiviakov,S (2628) Kallithea 2002}) 16... Rc8 $1 $11 17. f4 Ned7 $36 {[%cal Be5d7,Bd7b6,Bb6a4][%mdl 2080] Black has some pressure.} 18. g4 dxc5 19. Qc3 $1 Nb6 20. f5 Na4 21. Qe5 Qd2 22. fxe6 Qxc2 (22... Nxb2 $11 23. g5 fxe6) 23. exf7+ Kg7 $2 {[%mdl 8192] [#]} ({Black should try} 23... Rxf7 $14 24. Qe6 Rcf8 25. Bxf6 exf6) 24. Rab1 $1 $18 Nxb2 25. g5 (25. Rxb2 $2 Qe4 $17) 25... Rxf7 26. Rxb2 Qa4 27. Rf4 {[%mdl 64] Pin} (27. gxf6+ exf6 28. Qd5 Qd4+ 29. Qxd4 cxd4 $16) 27... c4 28. Qc3 ({Less strong is} 28. gxf6+ exf6 29. Qe3 a6 $16) (28. Bg4 $142 Rcf8 29. Be6 Qd1+ 30. Rf1 {[%mdl 64] Pin}) 28... Rc5 29. gxf6+ exf6 30. Rxc4 Rxc4 31. Qxc4 Qa5 (31... Qxc4 $16 32. Bxc4 Rc7) 32. Qd4 Re7 33. Rd2 Re5 34. Qd7+ Kh6 35. Qh3+ Kg7 36. Qd7+ Kh6 37. Qh3+ (37. Bf1 $16 Rg5+ 38. Kh1) 37... Kg7 $1 38. Rd7+ Kf8 39. Qh4 $2 ({But not} 39. Rxb7 $6 Qe1+ 40. Qf1 Rxe2 $16) (39. Qd3 $18) 39... Ke8 $1 $14 {[%cal Re8d7]} 40. Rxb7 (40. Qxh7 {gets mated.} Qe1+ 41. Kg2 Qxe2+ 42. Kh3 Re3+ 43. Kh4 g5#) 40... Rxe2 {The position is equal.} 41. Rb8+ Ke7 {Hoping for ...Re1+.} 42. Rb7+ Ke8 {White must now prevent ...Re1+.} 43. Rb8+ Ke7 {Accuracy: White = 43%, Black = 48%.} 1/2-1/2

[Event "GAMMA Reykjavik Open 2019"]
[Site "Reykjavik"]
[Date "2019.04.15"]
[Round "8.23"]
[White "Thorfinnsson, Bragi"]
[Black "Jacobsen, Mikkel Manosri"]
[Result "1-0"]
[WhiteElo "2436"]
[BlackElo "2302"]
[Annotator "TA"]
[PlyCount "41"]
[EventDate "2019.04.04"]
[EventType "swiss"]
[EventCountry "ISL"]
[SourceTitle "playchess.com"]
[Source "ChessBase"]
[SourceQuality "1"]

{[%evp 9,41,-1,47,41,49,0,49,0,0,0,2,-80,-79,-164,-97,-118,-81,-81,-98,-277,-269,-262,-264,-283,-300,-670,-651,-778,-138,-145,-118,-145,823,803]} 1. d4 d5 2. Bf4 Nf6 3. Nc3 c6 4. e3 Nbd7 (4... Bf5 5. Nf3 h6 6. Ne5 Nbd7 7. g4 Bh7 8. h4 Nxe5 9. dxe5 Ne4 10. Nxe4 Bxe4 11. f3 Bh7 12. e6 {1-0 (57) Bortnyk,O (2610)-Dreev,A (2653) Riadh 2017}) 5. Bd3 Qa5 6. a3 $146 {D00: 1 d4 d5: Unusual lines} ({Predecessor:} 6. Nf3 Ne4 7. Bxe4 dxe4 8. Nd2 Nf6 9. O-O Bf5 10. Nb3 Qd8 11. Nc5 b6 12. Nb3 {0-1 (64) Bremer,E (1488)-Karlsson,U (2036) Helsingor 2017}) 6... g6 7. h4 h6 {[%cal Bh7h6,Bh6h5,Bh5g4][%mdl 32]} 8. g4 {White is slightly better.} Bg7 9. f3 h5 10. Qd2 (10. g5 $11 {remains equal.} Ng8 11. Bg3) 10... hxg4 $17 11. Qh2 {[#]} (11. Be2 $17) 11... c5 ({Better is} 11... b5 $1 $19 12. O-O-O b4) 12. Bc7 b6 13. Bb5 Ba6 14. Bc6 $2 (14. Bxd7+ $17 Kxd7 15. Be5) 14... Rc8 $19 15. O-O-O Bh6 16. Kb1 Bxe3 17. Qe5 $2 (17. Na2) 17... Bxd4 18. Rxd4 Rh5 $2 (18... cxd4 $19 19. Nxd5 {[#]} Qxd5 $1 {[%mdl 512]} 20. Bxd5 Nxe5 21. Bxe5 Rh5 22. Bxf6 Rxd5) 19. Qe1 $17 {aiming for Ra4.} cxd4 20. Bd6 {[%csl Gd6][%cal Re1e7]} Re5 $2 {[%mdl 8192]} (20... e6 $17 21. Bxd7+ Kxd7) 21. Qxe5 $1 {[%mdl 64] Double Attack. Accuracy: White = 25%, Black = 45%.} 1-0

[Event "GAMMA Reykjavik Open 2019"]
[Site "Reykjavik"]
[Date "2019.04.15"]
[Round "8.24"]
[White "Astaneh Lopez, Alex"]
[Black "Einarsson, Halldor Gretar"]
[Result "1-0"]
[WhiteElo "2427"]
[BlackElo "2279"]
[Annotator "NA"]
[PlyCount "47"]
[EventDate "2019.04.04"]
[EventType "swiss"]
[EventCountry "ISL"]
[SourceTitle "playchess.com"]
[Source "ChessBase"]
[SourceQuality "1"]
[TimeControl "40/5400+30:1800+30"]

1. Nf3 {[%emt 0:05:38]} Nf6 {[%emt 0:00:21]} 2. g3 {[%emt 0:00:10]} g6 {[%emt 0:00:27]} 3. b3 {[%emt 0:00:04]} Bg7 {[%emt 0:01:18]} 4. Bb2 {[%emt 0:00:05]} O-O {[%emt 0:00:58]} 5. Bg2 {[%emt 0:00:31]} d6 {[%emt 0:01:56]} 6. d4 {[%emt 0:00:07]} c6 {[%emt 0:04:09]} 7. O-O {[%emt 0:01:48]} Nbd7 {[%emt 0:00:35]} 8. Re1 {[%emt 0:11:54]} Qc7 {[%emt 0:14:58]} 9. e4 {[%emt 0:01:18]} Rd8 {[%emt 0:00:40]} 10. a4 {[%emt 0:04:55]} e5 {[%emt 0:07:19]} 11. Nbd2 {[%emt 0:02:09]} exd4 {[%emt 0:04:17]} 12. Nxd4 {[%emt 0:00:19]} Nf8 {[%emt 0:05:01]} 13. Qf3 {[%emt 0:05:53]} Bg4 {[%emt 0:22:57]} 14. Qf4 {[%emt 0:01:40]} Qd7 {[%emt 0:00:46]} 15. Nc4 {[%emt 0:00:29]} Ne6 {[%emt 0:07:10]} 16. Nxe6 {[%emt 0:01:58]} Qxe6 {[%emt 0:00:39]} 17. h3 {[%emt 0:01:10]} Bh5 {[%emt 0:03:49]} 18. g4 {[%emt 0:01:18]} b5 {[%emt 0:01:22]} 19. axb5 {[%emt 0:01:15]} cxb5 {[%emt 0:00:08]} 20. e5 {[%emt 0:00:57]} Nd5 {[%emt 0:02:03]} 21. Bxd5 {[%emt 0:00:16]} Qxd5 {[%emt 0:00:06]} 22. Ne3 {[%emt 0:00:05]} dxe5 {[%emt 0:00:48]} 23. Nxd5 {[%emt 0:00:05]} exf4 {[%emt 0:00:12]} 24. Nf6+ {[%emt 0:01:31]} 1-0

[Event "GAMMA Reykjavik Open 2019"]
[Site "Reykjavik"]
[Date "2019.04.15"]
[Round "8.25"]
[White "Alashtar, Aasef"]
[Black "Low, Zhen Yu Cyrus"]
[Result "0-1"]
[WhiteElo "1905"]
[BlackElo "2418"]
[Annotator "TA"]
[PlyCount "110"]
[EventDate "2019.04.04"]
[EventType "swiss"]
[EventCountry "ISL"]
[SourceTitle "playchess.com"]
[Source "ChessBase"]
[SourceQuality "1"]

{[%evp 14,110,-33,-38,-38,-23,-35,-39,-21,-58,-66,-132,-127,-187,-163,-168,-168,-173,-175,-172,-166,-243,-234,-201,-209,-208,-215,-222,-229,-317,-261,-302,-291,-305,-302,-417,-393,-450,-407,-508,-489,-475,-362,-637,-611,-710,-708,-688,-569,-578,-579,-529,-466,-475,-462,-439,-439,-419,-414,-720,-703,-626,-626,-29955,-29959,-29956,-29959,-29953,-29956,-29970,-29975,-29973,-29975,-29974,-29973,-29973,-29968,-29973,-29974,-29974,-29975,-29978,-29979,-29979,-29980,-29979,-5202,-29975,-6227,-29982,-29983,-29983,-29984,-29985,-29983,-29986,-29987,-29987,-29987]} 1. Nf3 g6 2. d4 Nf6 3. g3 Bg7 4. Bg2 d5 5. O-O O-O 6. c4 dxc4 7. Ne5 c5 8. dxc5 Qc7 {D77: Fianchetto Grünfeld: 6 0-0: Replies other than 6...c6} 9. Nxc4 Qxc5 10. Nba3 Nc6 {Black is slightly better.} 11. Be3 (11. e4 Rd8 12. Be3 Nd4 13. h3 Be6 14. Rc1 Rac8 15. e5 Ne8 16. Nd6 exd6 17. Rxc5 dxc5 18. Bxb7 {0-1 (38) Ladva,O (2531)-Kantans,T (2531) Viljandi 2017}) 11... Qh5 12. f3 (12. Qb3 $15) 12... b5 $146 ({Predecessor:} 12... Bh3 13. Qb3 Bxg2 14. Kxg2 b6 15. Rad1 Rfd8 16. Qb5 Qxb5 17. Nxb5 {½-½ (41) Zupe,M (2265)-Cigan,S (2356) Slovenia 2016}) 13. g4 (13. Nd2 $17) 13... Bxg4 $1 $19 14. fxg4 Nxg4 $40 {[%csl Gg4][%cal Rh5h2][%mdl 128] Black wants a kill.} 15. h3 Nxe3 16. Nxe3 {[#]} Rad8 $1 {[%cal Rd8d1]} 17. Qe1 (17. Nd5 $142 Bxb2 18. Qc2 {[%mdl 64] Double Attack} Bxa1 19. Qxc6) 17... Bxb2 18. Nac2 {Threatens to win with Rb1.} Bxa1 19. Qxa1 Qc5 20. Bxc6 Qxc6 21. Rf2 {next Nf5! is good for White.} f6 22. Qb2 Rd2 23. Qb3+ Kg7 24. h4 Rc8 25. Qb4 Qd6 ({Stronger than} 25... Rxc2 26. Qxe7+ Kh8 27. Nxc2 $11) 26. Qg4 Rc5 27. Ne1 Qd4 28. Qg3 $2 (28. Qxd4 Rxd4 29. Nd3) 28... Re5 29. N1g2 Rxa2 30. Kh2 Qd6 31. Nf4 Ra3 32. Rf3 {[#]} Raxe3 $1 33. Rxe3 Rxe3 34. Qxe3 g5 35. hxg5 fxg5 36. Qc3+ (36. Qd4+ $142 Kf7 37. Qd5+ Qxd5 38. Nxd5) 36... Kf7 37. Qb3+ e6 38. Qxb5 Qxf4+ {[%mdl 4096] Endgame KQ-KQ} 39. Kg2 Qe4+ 40. Kg3 Kf6 41. Qa6 Qe3+ 42. Kg2 h5 43. Qa1+ Qe5 44. Qf1+ Kg7 45. Qf3 h4 46. Qb7+ Kh6 47. Kf1 Qf4+ 48. Ke1 h3 49. Qc8 Qf6 (49... h2 $142 50. Qxe6+ Kh5 51. Qe8+ Kh4 52. Qh8+ Kg4 53. Qc8+ Qf5 54. Qc4+ Kh5 55. Qc6 Qb1+ 56. Kd2 h1=Q 57. Qf3+ g4 58. Qf7+ Qg6 59. Qf8 Qd5+ 60. Ke1 Qb1+ 61. Kf2 {[#]} g3+ $1 {[%mdl 576] Deflection, Decoy} 62. Kxg3 Qg1+ 63. Kh3 Qdh1#) 50. Qc7 Qa1+ 51. Kd2 Qd4+ {Black mates.} 52. Kc2 Qe4+ 53. Kd1 Qh1+ 54. Kd2 h2 55. Qf7 Qd5+ {Accuracy: White = 29%, Black = 88%.} 0-1

[Event "GAMMA Reykjavik Open 2019"]
[Site "Reykjavik"]
[Date "2019.04.15"]
[Round "8.26"]
[White "Yoo, Christopher Woojin"]
[Black "Bewersdorff, Oliver"]
[Result "1-0"]
[WhiteElo "2414"]
[BlackElo "2261"]
[Annotator "TA"]
[PlyCount "85"]
[EventDate "2019.04.04"]
[EventType "swiss"]
[EventCountry "ISL"]
[SourceTitle "playchess.com"]
[Source "ChessBase"]
[SourceQuality "1"]

{[%evp 24,85,27,35,34,27,34,22,22,0,8,-6,-8,-12,0,0,21,20,24,20,22,20,29,29,29,29,29,26,32,26,27,26,29,29,31,31,31,31,42,42,42,42,42,41,51,50,50,41,111,114,103,109,113,110,227,229,359,338,650,693,654,639,1537,1471]} 1. e4 c5 2. Nf3 Nc6 3. d4 cxd4 4. Nxd4 Nf6 5. Nc3 e5 6. Ndb5 d6 7. Bg5 a6 8. Na3 b5 9. Nd5 Be7 10. Bxf6 Bxf6 11. c3 Rb8 12. Nc2 Bg5 13. a4 bxa4 {B33: Sicilian: Pelikan and Sveshnikov Variations} 14. Ncb4 Nxb4 15. cxb4 O-O {The position is equal.} (15... Bd7 16. Bxa6 O-O 17. O-O Qe8 18. b3 axb3 19. Qxb3 Bd8 20. Bc4 Kh8 21. Ra2 {½-½ (30) Karjakin,S (2773)-Dubov,D (2666) Tbilisi 2017}) 16. Qxa4 {[#]} Be6 $146 ({Predecessor:} 16... Bb7 17. Rd1 Qc8 18. Qb3 Bxd5 19. Rxd5 a5 20. b5 a4 21. Qb4 {0-1 (37) Ly,M (2474)-Vidit,S (2642) Caleta 2016}) 17. Bxa6 Bxd5 18. exd5 Qb6 19. b5 Be3 20. O-O Bd4 21. Rac1 Qd8 22. Rc6 Bb6 23. Qa3 Bc5 $1 {[%cal Rc5a3]} 24. b4 Bb6 25. Qg3 Qf6 26. Qg4 g6 27. g3 Qe7 28. Qh4 Qxh4 29. gxh4 Rfd8 $1 30. Rfc1 h5 31. Kf1 Kf8 32. f3 Ke7 33. Ke2 Kf6 34. R1c4 Ke7 35. Kd3 f5 {[#]} ({Better is} 35... Kd7 $14) 36. Bc8 $1 $16 Kf6 37. Be6 Ke7 38. Rc2 Rf8 (38... Rb7 $16) 39. Ra2 $18 Bd4 (39... Kf6 {keeps fighting.} 40. Ra6 (40. Rxd6 e4+ {[%mdl 64] Decoy} 41. fxe4 Ke5 $16) 40... Bf2 41. Rxd6 Bxh4) 40. Raa6 Rxb5 $2 (40... Bg1 41. Rxd6 Rb7) 41. Rc7+ {White is clearly winning.} Kf6 42. Rxd6 {[%cal Re6g8]} Rb6 {[#]} 43. Rd8 $3 {[%mdl 512] Accuracy: White = 89%, Black = 48%.} 1-0